Giáo trình English for business II = (Dùng trong các trường THCN)

Hướng dẫn học tiếng Anh theo chuyên ngành thương mại dành cho sinh viên trung học chuyên nghiệp

Wedi'i Gadw mewn:
Manylion Llyfryddiaeth
Prif Awdur: Trần, Thị Phương Mai
Fformat: Llyfr
Iaith:Undetermined
Cyhoeddwyd: Hà Nội Nhà xuất bản Hà Nội 2007
Pynciau:
Tagiau: Ychwanegu Tag
Dim Tagiau, Byddwch y cyntaf i dagio'r cofnod hwn!
Thư viện lưu trữ: Trung tâm Học liệu Trường Đại học Cần Thơ
LEADER 00863nam a2200229Ia 4500
001 CTU_142670
008 210402s9999 xx 000 0 und d
020 |c 46000 
082 |a 428.24 
082 |b M103 
100 |a Trần, Thị Phương Mai 
245 0 |a Giáo trình English for business II = 
245 0 |b (Dùng trong các trường THCN) 
245 0 |c Trần Thị Phương Mai (Chủ biên) 
260 |a Hà Nội 
260 |b Nhà xuất bản Hà Nội 
260 |c 2007 
520 |a Hướng dẫn học tiếng Anh theo chuyên ngành thương mại dành cho sinh viên trung học chuyên nghiệp 
650 |a English language,Anh ngữ thực hành 
650 |x Problems, exercises, etc,Spoken english 
904 |i Nguyên 
980 |a Trung tâm Học liệu Trường Đại học Cần Thơ